The 12 Olympians - Statistics

General Stats
  • This quiz has been taken 43 times
    41 since last reset
  • The average score is 10 of 12
Answer Stats
No Hint God/Olympian % Correct
Zeus
100%
Hera
93%
Ares
90%
Athena
90%
Apollo
86%
Demeter
86%
Aphrodite
83%
Artemis
76%
Poseidon
76%
Hermes
69%
Dionysus
66%
Hephaestus
55%
No matching quizzes found
Score Distribution
Percent of People with Each Score
Percentile by Number Answered
Your Score History
You have not taken this quiz since the last reset